Cities near Manila - Sudden Death - Statistics

General Stats
  • This quiz has been taken 22 times
  • The average score is 8 of 15
Answers on the Grid
Answers color-coded by a green-red scale on the quiz's grid according to % correct below.
Quezon City
Pasay City
Pasig City
Mandaluyong City
Valenzuela
Marilao
Cainta
Taytay
Taguig
Paranaque
Las Pinas
Cavite
Imus
Kawit
San Mateo
Tarlac
Cauayan
Tuguegarao
Baguio
Legazpi
Batangas
San Fernando
Angeles
Dagupan City
Urdaneta City
Lucena City
Candon City
Laoag City
Baliwag
San Miguel
 
Answer Stats
Answer % Correct
Pasig City
75%
Pasay City
69%
Quezon City
69%
Paranaque
63%
Taguig
63%
Valenzuela
63%
San Mateo
56%
Las Pinas
50%
Mandaluyong City
50%
Cainta
44%
Cavite
38%
Marilao
38%
Taytay
31%
Imus
25%
Kawit
25%
No matching quizzes found
Score Distribution
Percent of People with Each Score
Percentile by Number Answered
Your Score History
You have not taken this quiz